000 00867nab a2200253uu 4500
001 14385
003 HDC
007 cr aa aaaau
008 210214p9999 ||||| |||| 00| 0 eng d
040 _aHDC
245 0 _aPriorities for health and safety in the slaughtering industry
260 _a[no place] :
_b[publisher not identified],
_c[no year]
300 _a1 online resource (4 pages )
336 _atext
_2rdacontent
337 _acomputer
_2rdamedia
338 _aonline resource
_2rdacarrier
500 _aFood Information Sheet No 14
650 _aHealth and Safety
_914964
650 _aslaughtering industry
_914965
856 _zRequest full-text at [email protected]
942 _2lcc
942 _cAR
942 _kJART 003407
999 _c11701
_d11701